Mix design methods for liquid asphalt mixtures / (Record no. 546579)

000 -LEADER
fixed length control field 00515nam a22001337a 4500
082 ## - DEWEY DECIMAL CLASSIFICATION NUMBER
Classification number 624.154
Author Mark MIX
-- D
110 ## - MAIN ENTRY--CORPORATE NAME
Corporate name or jurisdiction name as entry element The Asphalt Institute.
9 (RLIN) 42730
245 ## - TITLE STATEMENT
Title Mix design methods for liquid asphalt mixtures /
Remainder of title An advisory supplement to mix design method for asphalt concrete (MS-2)
Statement of responsibility, etc. The Asphalt Institute.
260 ## - PUBLICATION, DISTRIBUTION, ETC.
Place of publication, distribution, etc. Maryland :
Name of publisher, distributor, etc. The Asphalt Institute Building college Park, Maryland,
Date of publication, distribution, etc. 1974.
300 ## - PHYSICAL DESCRIPTION
Extent vi, 70 p. :
526 ## - STUDY PROGRAM INFORMATION NOTE
Program name 0
Interest level 0
Reading level 0
Title point value 624_154000000000000_MIX
650 ## - SUBJECT ADDED ENTRY--TOPICAL TERM
Topical term or geographic name entry element MCE
9 (RLIN) 379
942 ## - ADDED ENTRY ELEMENTS (KOHA)
Source of classification or shelving scheme
Koha item type Book
Holdings
Withdrawn status Lost status Source of classification or shelving scheme Damaged status Not for loan Permanent Location Current Location Date acquired Total Checkouts Full call number Barcode Date last seen Price effective from Koha item type
          Military College of Engineering (MCE) Military College of Engineering (MCE) 06/13/2014   624.154 MIX MCE-42000 06/13/2014 06/13/2014 Book
© 2023 Central Library, National University of Sciences and Technology. All Rights Reserved.